000 00237nam a22000857a 4500
008 160711b xxu||||| |||| 00| 0 eng d
100 _92612
_a McAhren, R
245 _aBeneath the Weaping Willow Tree
260 _aIndiana
_b Raymond McAhren
_c1967
999 _c2268
_d2268